01584nam a22002897a 450000500170000000800410001704000700005804100080012808200250013610000290016124201150019024501070030525000690041226000910048130000370057250003020060950000230091150501430093450600210107754600230109865000180112165000230113965000310116265000290119370000420122270000300126420260511123808.0130821s1936 fr fr d fre  aCo-BoUCMbspacSandra Yazo (modificó)dSandra Yazo (modificó)1 afre aFCS 792.1bI17219361 aIbsen, Henrikd1828-190600aLos aparecidos ; bCasa de muñecascHenrik Ibsen ; traducido por M. Prozor ... precacio de Eduardo Rodyspa04aLes Revenants ; bMaison de PoupéecHenrik Ibsen ; traduits par M. Prozor ... preface d'Edouard Rod aQuarante-Deuxième édition [Cuadragésima segunda edición] aParís (Francia)bLibrairie Académique Perrin [Librería académica Perrin]c1936 axxvii, 281 páginasc19 x 12 cm aDetalles físicos: Encuadernación flexible. Anteportada. Portada impresa en una sola tinta. Texto impreso en una sola columna, margenes amplios. Papel con oxidación en bordes, hojas sin refilar. Ejemplar en buen estado de conservación. Transferencia al Archivo Histórico en el año 2025  aFondo Castro Silva aPrefacio de Edouard Rod ; Nota sobre fantasmas ; Fantasmas ; Casa de muñecas, un drama ; Nota sobre Casa de muñecas; Casa de muñecas aConsulta en sala aTexto en francés04aDrama noruego04aLiteratura noruega04aFantasmas en la literatura04aMujeres en la literatura1 aProzor, Mauriced1848-1928etraductor1 aRod, Édouardd1857-1910